| 000 | 00475cam a2200193ua 4500 | ||
|---|---|---|---|
| 020 | _c5.00 | ||
| 041 |
_aeng _h |
||
| 082 |
_a631.5871 _bSHA/SO |
||
| 100 | _aShahane, . | ||
| 245 |
_aSolutions of problems in Irrigation Engineering / _cShahane. _hTextual Documents |
||
| 250 |
_a1 / _b. |
||
| 260 |
_aPoona : _bAllies book stall , _c1989. |
||
| 300 | _a363 ; . | ||
| 365 | _a5.00 | ||
| 504 | _a | ||
| 700 | 1 | _aIyengar, . | |
| 942 | _cBK | ||
| 999 |
_c1355 _d1355 |
||